000 00613nam a2200193Ia 4500
003 GCL
008 140319s9999 xx 000 0 ara d
040 _aGCL /
_cGCL
082 0 4 _a227.3
_bذ ك
100 1 _aابى ذر القلمونى
245 1 0 _aكلمات القران الكريم من كتاب ايسر التفاسير للجزائرى /
_cابى ذر القلمونى
260 _a[S.N] :
_bمكتبة التراث الاسلامى ،
_c1992
300 _a469 + 526
490 _a
650 0 4 _aتفاسير
650 0 4 _aتفاسير القران
650 0 4 _aالقران
942 _2ddc
_cBK
999 _c54209
_d54209